Effect of different exploitation methods on biomass production, harvest index and yield in Hevea brasiliensis Muell Arg. (Record no. 57790)

MARC details
000 -LEADER
fixed length control field 00401nam a2200121Ia 4500
100 ## - MAIN ENTRY--AUTHOR NAME
Personal name George M J
245 #0 - TITLE STATEMENT
Title Effect of different exploitation methods on biomass production, harvest index and yield in Hevea brasiliensis Muell Arg.
260 ## - PUBLICATION, DISTRIBUTION, ETC. (IMPRINT)
Name of publisher Placrosym V, Kasaragod, 1982
Year of publication 1982
700 ## - ADDED ENTRY--PERSONAL NAME
Personal name Satheesan K V
700 ## - ADDED ENTRY--PERSONAL NAME
Personal name Sethuraj M R
942 ## - ADDED ENTRY ELEMENTS (KOHA)
Koha item type Journals
Holdings
Withdrawn status Lost status Damaged status Not for loan Home library Current library Shelving location Date acquired Koha item type
      Journals RRII Library RRII Library Physiology 17/12/2021 Journals